| 000 | 00820aas a2200217 4500 | ||
|---|---|---|---|
| 999 |
_c53650 _d53650 |
||
| 001 | 768714001 | ||
| 003 | CO-MdFUSB | ||
| 005 | 20171030101204.0 | ||
| 008 | 170727s1996 xxu||||| |||| 00| 0 eng d | ||
| 022 | _a0098-9444 | ||
| 040 |
_aCO-MdFUSB _bspa _cCO-MdFUSB _dCO-MdFUSB |
||
| 041 | _aspa | ||
| 100 | 1 |
_aMaclennan, Robert S. _eautor |
|
| 242 |
_aEn busca de la diáspora judía: _b¿una sinagoga del primer siglo en Crimea? |
||
| 245 | 1 | 3 |
_aIn search of the Jewish diaspora : _ba first century synagogue in Crimea? _c/ Robert S Maclennan |
| 300 |
_aVolumen 22. Número 2 (1996), páginas 44-51 _c: 28 cm. |
||
| 546 | _aTexto en inglés | ||
| 650 | 7 |
_9403 _aExcavaciones arqueológicas |
|
| 773 | 0 |
_tBiblical Archaeology Review _049395 _959495 _gVolumen 22. Número 2 (1996), páginas 44-51 _qPágina 44 |
|
| 942 | _cANA | ||